• 首页
  • 本馆介绍
  • 公告通知
  • 最新文献
  • 馆藏检索
  • 电子资源
  • 读者导购
  • 参考咨询
  • 我的图书馆
  • 登录
  • 详细信息显示
  • 放入我的书架
  • 预约/预借图书
  • 作者相关作品
  • 分类相关作品
  • 丛书相关作品
  • 出版社相关作品

书目信息

  • 表格格式
  • 工作单格式
  • 卡片格式
题名:
六十亿人
    
 
作者: 塔皮诺 , 皮奥特罗 著 ;张开敏 译
分册:  
出版信息: 上海   上海译文出版社  1982.07
页数: 226页
开本: 19cm
丛书名:
单 册:
中图分类: C92
科图分类:
主题词: 人口学
电子资源:
ISBN:
000 00760nam0 2200229 45
001 0405051059
005 20060801092359.40
010    @dCNY0.60
091    @a4188.30
100    @a20040505d1982 km y0chiy0120 ea
101 0  @achi
200 1  @a六十亿人@ALiu Shi Yi Ren@e人口困境和世界对策@ERen Kou Kun Jing He Shi Jie Dui Ce@f(美)乔治·塔皮诺,菲利斯·皮奥特罗著@F(Mei)Qiao Zhi·Ta Pi Nuo,Fei Li Si·Pi Ao Te Luo Zhu@g张开敏译
210    @a上海@c上海译文出版社@d1982.07
215    @a226页@d19cm
517    @a人口困境和世界对策@ARen Kou Kun Jing He Shi Jie Dui Ce
606 0  @a人口学
690    @aC92@v3
701  0 @a塔皮诺@4著
701  0 @a皮奥特罗@4著
702  0 @a张开敏@AZhang Kai Min@4译
801    @aCN@bPftUser@c20060801
905    @dC92@e29@f1@b178496
    
    六十亿人:人口困境和世界对策/(美)乔治·塔皮诺,菲利斯·皮奥特罗著/张开敏译.-上海:上海译文出版社,1982.07
    226页;19cm
    
    
    ISBN :CNY0.60
    
●
相关链接 在E读中查询图书 在五车中查询图书 在当当中查询图书 在豆瓣中查询图书


正题名:六十亿人     索取号:C92/29         预约/预借

序号 登录号 条形码 馆藏地/架位号 状态 备注
1 0178496   202376222   第一样本阅览室/ [索取号:C92/29] 在馆    
2 0228513   001030360   密集书库/ [索取号:C92/29] 在馆    
3 0228514   001030342   密集书库/ [索取号:C92/29] 在馆    
4 0440383   204403831   密集书库/ [索取号:C92/29] 在馆    
5 0440384   204403840   密集书库/ [索取号:C92/29] 在馆    
6 0440385   204403859   密集书库/ [索取号:C92/29] 在馆    
7 0441168   204411680   密集书库/ [索取号:C92/29] 在馆    
唐山师范学院图书馆 欢迎您!
大连网信软件有限公司© 版权所有